000 00239nam a2200097Ia 4500
001 677434
005 20250826161018.0
008 250824s9999 xx 000 0 und d
245 0 _aROBİN HOOD
_cHOWARD PYLE
260 _bGENÇ TİMAŞ YAYINLARI
999 _c677434
_d677434